000
00283nam a2200121Ia 4500
005
20251222141952.0
008
251222s9999||||xx |||||||||||||| ||spa||
082
_a
371.3/B71
100
_a
Bojorquez Dolores, Isabel
245
0
_a
Didáctica General:
264
_b
Abedul
942
_c
LIB
999
_c
9707
_d
9707